[Event "Sofia Gerenski Memorial 11th"]
[Site "Sofia"]
[Date "2018.03.24"]
[Round "6"]
[White "Ignatov, Bojidar"]
[Black "Artunov, Kirkor"]
[Result "1-0"]
[WhiteElo "1788"]
[BlackElo "1973"]
[PlyCount "71"]
[EventDate "2018.03.21"]
[EventType "swiss"]
[EventRounds "7"]
[EventCountry "BUL"]
[SourceTitle "CBM 183 Extra"]
[Source "ChessBase"]
[SourceDate "2018.04.19"]
[SourceVersion "1"]
[SourceVersionDate "2018.04.19"]
[SourceQuality "1"]

1. e4 e6 2. d4 d5 3. Nc3 Nf6 4. e5 Nfd7 5. f4 c5 6. Nce2 Nc6 7. c3 Be7 8. Nf3 h6 9. Be3 c4 10. g4 Qb6 11. Qc2 h5 12. gxh5 Rxh5 13. Ng3 Rh8 14. 0-0-0 Bd8 15. h4 Ne7 16. Bh3 g6 17. Bg4 Nf5 18. Bxf5 gxf5 19. h5 Nf8 20. Rdg1 Bd7 21. Qg2 Be7 22. Ng5 f6 23. exf6 Bxf6 24. Nf1 Ke7 25. Nd2 Be8 26. h6 Kd6 27. Ndf3 Rd8 28. Ne5 Ke7 29. Rh3 Rd6 30. Qh2 Qa5 31. a3 b5 32. Rhg3 Qb6 33. Ngf7 Bxf7 34. Rg7 Bxe5 35. fxe5 Ke8 36. exd6 1-0

[Event "Sofia MGU op 209th"]
[Site "Sofia"]
[Date "2018.03.10"]
[Round "2"]
[White "Ignatov, Bojidar"]
[Black "Babatov, Martin"]
[Result "1/2-1/2"]
[WhiteElo "1788"]
[BlackElo "1746"]
[PlyCount "32"]
[EventDate "2018.03.10"]
[EventType "swiss"]
[EventRounds "6"]
[EventCountry "BUL"]
[SourceTitle "CBM 183 Extra"]
[Source "ChessBase"]
[SourceDate "2018.04.19"]
[SourceVersion "1"]
[SourceVersionDate "2018.04.19"]
[SourceQuality "1"]

1. e4 c6 2. d4 d5 3. e5 Bf5 4. h4 h5 5. Nc3 g6 6. Nce2 Nh6 7. Nf3 Bg7 8. Ng3 c5 9. dxc5 Bg4 10. Bf4 Qa5+ 11. c3 Bxf3 12. gxf3 Qxc5 13. Be3 Qc6 14. Qb3 a6 15. c4 d4 16. Bxd4 Nd7 1/2-1/2

[Event "Sofia MGU op 209th"]
[Site "Sofia"]
[Date "2018.03.10"]
[Round "3"]
[White "Metev, Martin"]
[Black "Ignatov, Bojidar"]
[Result "1/2-1/2"]
[WhiteElo "1892"]
[BlackElo "1788"]
[PlyCount "127"]
[EventDate "2018.03.10"]
[EventType "swiss"]
[EventRounds "6"]
[EventCountry "BUL"]
[SourceTitle "CBM 183 Extra"]
[Source "ChessBase"]
[SourceDate "2018.04.19"]
[SourceVersion "1"]
[SourceVersionDate "2018.04.19"]
[SourceQuality "1"]

1. e4 e5 2. Nf3 Nc6 3. Bb5 a6 4. Ba4 Nf6 5. 0-0 Be7 6. Re1 b5 7. Bb3 d6 8. c3 0-0 9. h3 Na5 10. Bc2 c5 11. d4 Qc7 12. d5 Nd7 13. Nbd2 Nb6 14. Nf1 c4 15. Ng3 g6 16. Bh6 Re8 17. Qd2 Nb7 18. b4 f6 19. Be3 Bf8 20. Bh6 Bxh6 21. Qxh6 Qg7 22. Qd2 Nd8 23. Nh2 Nf7 24. Nf3 Qh6 25. Qe2 Bd7 26. Nh2 Qf4 27. Ng4 h5 28. Nh2 Re7 29. Qe3 Qxe3 30. fxe3 Nh6 31. Rf1 Rf7 32. h4 Kg7 33. a3 Ng4 34. Nxg4 Bxg4 35. a4 Rfa7 36. a5 Nc8 37. Bd1 Bxd1 38. Raxd1 Rf7 39. Rf3 Ne7 40. Kf1 Raf8 41. Ke2 Kh6 42. Kd2 f5 43. Rdf1 f4 44. exf4 exf4 45. Ne2 g5 46. hxg5+ Kxg5 47. Nd4 Kh6 48. g3 Ng6 49. gxf4 Rxf4 50. Nf5+ Kg5 51. Rxf4 Nxf4 52. Nxd6 h4 53. e5 h3 54. e6 Nxe6 55. Rg1+ Kh4 56. dxe6 Rd8 57. Kc2 Rxd6 58. Re1 Rd8 59. e7 Re8 60. Re6 h2 61. Rh6+ Kg3 62. Rg6+ Kf2 63. Rf6+ Kg2 64. Rg6+ 1/2-1/2

[Event "Sofia MGU op 202nd"]
[Site "Sofia"]
[Date "2018.01.13"]
[Round "3"]
[White "Ignatov, Bojidar"]
[Black "Dimkovski, Stojancho"]
[Result "0-1"]
[WhiteElo "1788"]
[BlackElo "1731"]
[PlyCount "42"]
[EventDate "2018.01.13"]
[EventType "swiss"]
[EventRounds "6"]
[EventCountry "BUL"]
[SourceTitle "CBM 182 Extra"]
[Source "ChessBase"]
[SourceDate "2018.02.23"]
[SourceVersion "1"]
[SourceVersionDate "2018.02.23"]
[SourceQuality "1"]

1. e4 c5 2. Nf3 g6 3. d4 cxd4 4. Nxd4 Nc6 5. Nc3 Bg7 6. Be3 Nf6 7. Qd2 0-0 8. 0-0-0 Ng4 9. Nxc6 bxc6 10. Bd4 Bh6 11. Be3 Nxe3 12. fxe3 Rb8 13. Re1 Bg7 14. Bc4 Qb6 15. Bb3 Qb4 16. Qd3 d6 17. Nd1 a5 18. c3 Qb6 19. Qc2 Ba6 20. h4 c5 21. a3 Qxb3 0-1

[Event "Sofia MGU op 202nd"]
[Site "Sofia"]
[Date "2018.01.13"]
[Round "2"]
[White "Ignatov, Bojidar"]
[Black "Sapareva, Magdalena"]
[Result "1-0"]
[WhiteElo "1788"]
[BlackElo "1496"]
[PlyCount "87"]
[EventDate "2018.01.13"]
[EventType "swiss"]
[EventRounds "6"]
[EventCountry "BUL"]
[SourceTitle "CBM 182 Extra"]
[Source "ChessBase"]
[SourceDate "2018.02.23"]
[SourceVersion "1"]
[SourceVersionDate "2018.02.23"]
[SourceQuality "1"]

1. e4 e5 2. Nf3 Nc6 3. Nc3 Nf6 4. Bb5 d6 5. d4 exd4 6. Nxd4 Bd7 7. Nxc6 Bxc6 8. Bxc6+ bxc6 9. 0-0 Be7 10. Be3 0-0 11. f4 c5 12. Qf3 Rb8 13. b3 h6 14. Rae1 Qd7 15. h3 c6 16. Bc1 Ne8 17. g4 Nc7 18. Ne2 d5 19. e5 d4 20. Ng3 Qd5 21. Ne4 c4 22. Re2 Bc5 23. Kh1 cxb3 24. axb3 Bb6 25. Rg2 Ne6 26. h4 Nc5 27. Nxc5 Qxf3 28. Rxf3 Bxc5 29. h5 Rfe8 30. g5 hxg5 31. Rxg5 Be7 32. Rg4 f5 33. Rg6 c5 34. Rfg3 Bf8 35. R6g5 Kf7 36. Rxf5+ Ke6 37. Rfg5 Rb7 38. Rg2 Rd8 39. Re2 Rf7 40. Kg2 Be7 41. Rg6+ Kd5 42. Kf3 c4 43. bxc4+ Kxc4 44. e6 1-0

[Event "Sofia MGU op 199th"]
[Site "Sofia"]
[Date "2017.12.24"]
[Round "5"]
[White "Georgiev, Nikolay"]
[Black "Ignatov, Bojidar"]
[Result "0-1"]
[WhiteElo "1588"]
[BlackElo "1788"]
[PlyCount "102"]
[EventDate "2017.12.23"]
[EventType "swiss"]
[EventRounds "6"]
[EventCountry "BUL"]
[SourceTitle "CBM 182 Extra"]
[Source "ChessBase"]
[SourceDate "2018.02.23"]
[SourceVersion "1"]
[SourceVersionDate "2018.02.23"]
[SourceQuality "1"]

1. e4 e6 2. Nc3 d5 3. Nf3 Nf6 4. Bd3 c5 5. exd5 Nxd5 6. Ne4 Be7 7. 0-0 Nf4 8. Bb5+ Bd7 9. Bxd7+ Nxd7 10. d4 Ng6 11. Be3 Qc7 12. c4 Rd8 13. Qe2 cxd4 14. Nxd4 b6 15. f3 0-0 16. b3 Nc5 17. Nxc5 Bxc5 18. Rad1 a6 19. Nc2 Qe5 20. Qf2 Rd6 21. Rxd6 Qxd6 22. Bxc5 bxc5 23. Ne3 Rd8 24. Qc2 Qf4 25. Qf2 Rd4 26. Rd1 Qd6 27. Rxd4 cxd4 28. Nd1 h6 29. g3 e5 30. Qe2 f5 31. Nb2 Qe6 32. Nd3 e4 33. fxe4 fxe4 34. Nc5 Qe5 35. Nxe4 Ne7 36. Nc3 Qd6 37. Nd1 d3 38. Qe3 Nf5 39. Qf4 Qd7 40. Kf1 d2 41. Ke2 Nd4+ 42. Kxd2 Ne6+ 43. Kc2 Nxf4 44. gxf4 Qf5+ 45. Kc3 Qxf4 46. b4 Kf8 47. c5 Ke8 48. Nb2 Qxh2 49. a4 h5 50. b5 axb5 51. axb5 Qe5+ 0-1

[Event "Sofia MGU op 199th"]
[Site "Sofia"]
[Date "2017.12.24"]
[Round "6"]
[White "Ignatov, Bojidar"]
[Black "Stamenov, Valeri"]
[Result "0-1"]
[WhiteElo "1788"]
[BlackElo "1827"]
[PlyCount "82"]
[EventDate "2017.12.23"]
[EventType "swiss"]
[EventRounds "6"]
[EventCountry "BUL"]
[SourceTitle "CBM 182 Extra"]
[Source "ChessBase"]
[SourceDate "2018.02.23"]
[SourceVersion "1"]
[SourceVersionDate "2018.02.23"]
[SourceQuality "1"]

1. e4 e5 2. Nf3 Nc6 3. Nc3 Nf6 4. Bb5 d6 5. d4 exd4 6. Nxd4 Bd7 7. Nxc6 bxc6 8. Bd3 Be7 9. 0-0 0-0 10. h3 Rb8 11. b3 h6 12. Be3 c5 13. f4 Bc6 14. Qf3 Nd7 15. Rae1 Bf6 16. Ne2 Re8 17. Bd2 Qe7 18. Ng3 Qf8 19. Kh2 g6 20. Qg4 Qg7 21. h4 h5 22. Qh3 Re7 23. Nh1 Rbe8 24. Nf2 Bd4 25. Be3 Nf6 26. Bxd4 cxd4 27. Qf3 Bd7 28. g3 Nd5 29. Nd1 Nb4 30. Re2 Nxa2 31. Ref2 Bg4 32. Qg2 Bxd1 33. Rxd1 Nc3 34. Ra1 c5 35. Ra6 Nd1 36. Rf3 Ne3 37. Qd2 Qf6 38. e5 Qe6 39. Rxd6 Qg4 40. Be2 Qxf3 41. Bxf3 Nf1+ 0-1

[Event "Sofia MGU op 196th"]
[Site "Sofia"]
[Date "2017.11.12"]
[Round "5"]
[White "Georgiev, Nikolay"]
[Black "Ignatov, Bojidar"]
[Result "1/2-1/2"]
[WhiteElo "1588"]
[BlackElo "1788"]
[PlyCount "144"]
[EventDate "2017.11.11"]
[EventType "swiss"]
[EventRounds "6"]
[EventCountry "BUL"]
[SourceTitle "CBM 181 Extra"]
[Source "ChessBase"]
[SourceDate "2017.12.12"]
[SourceVersion "1"]
[SourceVersionDate "2017.12.12"]
[SourceQuality "1"]

1. e4 e6 2. Nc3 d5 3. Nf3 Nf6 4. e5 Nfd7 5. d4 c5 6. Be3 a6 7. Be2 Nc6 8. 0-0 Qc7 9. Re1 Be7 10. Na4 cxd4 11. Bxd4 b5 12. Nc3 0-0 13. Rc1 Nb6 14. Nb1 Bd7 15. b3 Rfc8 16. Bb2 Qd8 17. a3 Be8 18. Nbd2 Nd7 19. Nf1 Nf8 20. Qd2 Ng6 21. Bd3 Nh4 22. Qf4 Nxf3+ 23. Qxf3 Bf8 24. Qg4 Ne7 25. Re3 g6 26. Ng3 Bg7 27. Rce1 Rc6 28. Qd1 Nf5 29. Bxf5 exf5 30. Qb1 Bd7 31. Rd3 Be6 32. Rc1 Qc7 33. f4 Rc8 34. Rd2 Bh6 35. Rf2 Qa7 36. Ne2 Bf8 37. Nd4 Bc5 38. Rd1 R6c7 39. Rdd2 Qb7 40. Qd1 Re7 41. g3 Rce8 42. Kg2 Rc7 43. Qf3 Qc8 44. Rfe2 Qd7 45. Kf1 Qe7 46. b4 Bb6 47. Nb3 Rec8 48. Bd4 Bxd4 49. Nxd4 Rc3 50. Re3 Rxe3 51. Qxe3 Rc4 52. Rd3 Qc7 53. Ke1 Qb6 54. Kd2 a5 55. c3 axb4 56. axb4 Rc8 57. Nxe6 Qxe3+ 58. Rxe3 fxe6 59. Re2 Ra8 60. Kd3 Ra1 61. Kd4 Rc1 62. Re3 h5 63. h4 Kf7 64. Rd3 Ke7 65. Kc5 Kd7 66. Kxb5 Kc7 67. Ka4 Kb6 68. Kb3 Kb5 69. Rd2 Rg1 70. Rd3 Rb1+ 71. Kc2 Rg1 72. Kb3 Rb1+ 1/2-1/2

[Event "Sofia MGU op 196th"]
[Site "Sofia"]
[Date "2017.11.11"]
[Round "1"]
[White "Ignatov, Bojidar"]
[Black "Simeonov, Daniel"]
[Result "1-0"]
[WhiteElo "1788"]
[BlackElo "1576"]
[PlyCount "89"]
[EventDate "2017.11.11"]
[EventType "swiss"]
[EventRounds "6"]
[EventCountry "BUL"]
[SourceTitle "CBM 181 Extra"]
[Source "ChessBase"]
[SourceDate "2017.12.12"]
[SourceVersion "1"]
[SourceVersionDate "2017.12.12"]
[SourceQuality "1"]

1. d4 e6 2. e4 c5 3. Nf3 cxd4 4. Nxd4 b6 5. Nc3 Bc5 6. Be3 Nc6 7. Nxc6 dxc6 8. Qxd8+ Kxd8 9. Bxc5 bxc5 10. Na4 Nf6 11. Nxc5 Ke7 12. 0-0-0 Rb8 13. f3 h5 14. Be2 Nd7 15. Nxd7 Bxd7 16. Rd3 c5 17. Rc3 Rhc8 18. Rd1 Rb6 19. g3 a5 20. e5 a4 21. f4 g6 22. Bc4 Rcb8 23. b3 a3 24. Rcd3 Be8 25. Rd6 R8b7 26. Rd8 Bb5 27. Bxb5 Rxb5 28. Ra8 c4 29. Rxa3 f6 30. exf6+ Kxf6 31. Ra4 cxb3 32. axb3 R7b6 33. Kb2 Rc5 34. c4 e5 35. Kc3 exf4 36. gxf4 Rf5 37. Rd4 h4 38. b4 Re6 39. b5 g5 40. fxg5+ Kxg5 41. Ra8 Rf3+ 42. Kb4 Rg6 43. c5 Rf2 44. c6 Rc2 45. Rc4 1-0

[Event "Sofia MGU op 187th"]
[Site "Sofia"]
[Date "2017.07.09"]
[Round "4"]
[White "Georgiev, Nikolay"]
[Black "Ignatov, Bojidar"]
[Result "0-1"]
[WhiteElo "1560"]
[BlackElo "1806"]
[PlyCount "116"]
[EventDate "2017.07.08"]
[EventType "swiss"]
[EventRounds "6"]
[EventCountry "BUL"]
[SourceTitle "CBM 179 Extra"]
[Source "ChessBase"]
[SourceDate "2017.08.23"]
[SourceVersion "1"]
[SourceVersionDate "2017.08.23"]
[SourceQuality "1"]

1. e4 e5 2. Nc3 Nc6 3. Bc4 Bc5 4. Qg4 g6 5. Qf3 f6 6. Nge2 d6 7. d3 Nd4 8. Nxd4 Bxd4 9. Be3 Bxe3 10. Qxe3 c6 11. 0-0 Qe7 12. f4 Be6 13. fxe5 dxe5 14. Bxe6 Qxe6 15. Rf3 b6 16. a4 Kf7 17. a5 b5 18. Raf1 Kg7 19. Qc5 h5 20. b3 Rh7 21. Na2 Kh8 22. Nb4 Rc8 23. Na6 Qe7 24. Qxe7 Rxe7 25. Nc5 Kg7 26. b4 Rd8 27. R1f2 Rd6 28. Kf1 Nh6 29. h3 Nf7 30. Ke2 Ng5 31. Re3 Ne6 32. Nxe6+ Rdxe6 33. g4 h4 34. Kd2 Rc7 35. c4 bxc4 36. dxc4 Rd7+ 37. Rd3 Rxd3+ 38. Kxd3 Rd6+ 39. Kc3 Rd1 40. b5 cxb5 41. cxb5 Ra1 42. Kb4 Re1 43. b6 axb6 44. axb6 Rxe4+ 45. Kc5 Rd4 46. b7 Rd8 47. Kc6 Kf7 48. Kc7 Re8 49. b8Q Rxb8 50. Kxb8 Ke6 51. Kc7 f5 52. gxf5+ gxf5 53. Kc6 e4 54. Kc5 Ke5 55. Kc4 e3 56. Rf1 Ke4 57. Kc3 e2 58. Ra1 Ke3 0-1

[Event "Sofia MGU op 187th"]
[Site "Sofia"]
[Date "2017.07.08"]
[Round "2"]
[White "Sapareva, Magdalena"]
[Black "Ignatov, Bojidar"]
[Result "1-0"]
[WhiteElo "1468"]
[BlackElo "1806"]
[PlyCount "93"]
[EventDate "2017.07.08"]
[EventType "swiss"]
[EventRounds "6"]
[EventCountry "BUL"]
[SourceTitle "CBM 179 Extra"]
[Source "ChessBase"]
[SourceDate "2017.08.23"]
[SourceVersion "1"]
[SourceVersionDate "2017.08.23"]
[SourceQuality "1"]

1. b4 e5 2. Bb2 f6 3. a3 d5 4. e3 a5 5. b5 c5 6. c4 d4 7. exd4 cxd4 8. d3 Bd6 9. a4 Ne7 10. Be2 0-0 11. Nf3 Nd7 12. Nbd2 Nc5 13. 0-0 b6 14. Nb3 Ng6 15. Nfd2 Nf4 16. Nxc5 Bxc5 17. Bf3 Ra7 18. Ne4 f5 19. Nxc5 bxc5 20. Bc1 g5 21. Bxf4 gxf4 22. Bd5+ Kh8 23. f3 Rf6 24. Qe1 Re7 25. Ra2 Rg6 26. Re2 Qc7 27. Qh4 Be6 28. Bc6 Bf7 29. Rfe1 Qd6 30. Qf2 Qf6 31. Kh1 Be8 32. Bd5 Qd6 33. g3 fxg3 34. hxg3 Rh6+ 35. Kg2 Bh5 36. Rh1 Kg7 37. Ree1 Bf7 38. Rxh6 Qxh6 39. Bxf7 Kxf7 40. f4 exf4 41. Rxe7+ Kxe7 42. Qxf4 Qe6 43. Kf3 h5 44. Qc7+ Kf8 45. Qxc5+ Ke8 46. Qxd4 Qe1 47. Qe3+ 1-0

[Event "Sofia MGU op 185th"]
[Site "Sofia"]
[Date "2017.04.09"]
[Round "6"]
[White "Andreev, Dobrotich"]
[Black "Ignatov, Bojidar"]
[Result "0-1"]
[WhiteElo "1986"]
[BlackElo "1770"]
[PlyCount "82"]
[EventDate "2017.04.08"]
[EventType "swiss"]
[EventRounds "6"]
[EventCountry "BUL"]
[SourceTitle "CBM 177 Extra"]
[Source "ChessBase"]
[SourceDate "2017.04.27"]
[SourceVersion "1"]
[SourceVersionDate "2017.04.27"]
[SourceQuality "1"]

1. e4 c6 2. Nc3 d5 3. Nf3 Bg4 4. h3 Bh5 5. exd5 cxd5 6. g4 Bg6 7. Bb5+ Nc6 8. Ne5 Rc8 9. d4 e6 10. h4 f6 11. Nxc6 bxc6 12. Ba6 Rc7 13. h5 Bf7 14. f4 Bd6 15. Qf3 Ne7 16. Bd2 0-0 17. Ne2 c5 18. Ba5 Qb8 19. Qb3 Rd7 20. Qxb8 Rxb8 21. dxc5 Bxc5 22. 0-0-0 Nc6 23. Bc3 Nb4 24. Bxb4 Rxb4 25. a3 Rb6 26. Bd3 Rdb7 27. b4 Bd6 28. c3 e5 29. g5 fxg5 30. fxg5 a5 31. g6 hxg6 32. hxg6 Be6 33. Rh7 e4 34. Rdh1 Kf8 35. Nd4 Be5 36. bxa5 Bxd4 37. axb6 Be3+ 38. Kd1 exd3 39. Rf1+ Ke8 40. Rh8+ Kd7 41. Rf7+ Kc6 0-1

[Event "Sofia MGU op 185th"]
[Site "Sofia"]
[Date "2017.04.09"]
[Round "5"]
[White "Ignatov, Bojidar"]
[Black "Ruschukov, Boyan"]
[Result "1-0"]
[WhiteElo "1770"]
[BlackElo "1801"]
[PlyCount "83"]
[EventDate "2017.04.08"]
[EventType "swiss"]
[EventRounds "6"]
[EventCountry "BUL"]
[SourceTitle "CBM 177 Extra"]
[Source "ChessBase"]
[SourceDate "2017.04.27"]
[SourceVersion "1"]
[SourceVersionDate "2017.04.27"]
[SourceQuality "1"]

1. d4 Nf6 2. c4 g6 3. Nc3 Bg7 4. e4 d6 5. Nf3 0-0 6. Be2 e5 7. 0-0 Nc6 8. d5 Ne7 9. Ne1 Ne8 10. f3 f5 11. Nd3 Nf6 12. Nf2 c5 13. Qc2 a6 14. a3 b5 15. cxb5 axb5 16. Bxb5 Ba6 17. Bxa6 Rxa6 18. Bd2 Qb8 19. Rfb1 Rc8 20. b4 cxb4 21. Rxb4 Qa8 22. Qb2 Nd7 23. Nb5 f4 24. Nd3 Kf7 25. Rc1 Rxc1+ 26. Qxc1 Qb8 27. Be1 Bf8 28. Bf2 g5 29. Nc7 Qc8 30. Nxa6 Qxa6 31. Qc3 h6 32. g3 Bg7 33. Rc4 Qb5 34. Qb4 Qa6 35. a4 Bf6 36. Qb5 Qxb5 37. axb5 Ke8 38. Rc6 Nxc6 39. dxc6 Kd8 40. cxd7 Kxd7 41. Nb4 Bd8 42. Nd5 1-0

[Event "Sofia MGU op 185th"]
[Site "Sofia"]
[Date "2017.04.08"]
[Round "3"]
[White "Ignatov, Bojidar"]
[Black "Mihalev, Daniil"]
[Result "0-1"]
[WhiteElo "1770"]
[BlackElo "1760"]
[PlyCount "120"]
[EventDate "2017.04.08"]
[EventType "swiss"]
[EventRounds "6"]
[EventCountry "BUL"]
[SourceTitle "CBM 177 Extra"]
[Source "ChessBase"]
[SourceDate "2017.04.27"]
[SourceVersion "1"]
[SourceVersionDate "2017.04.27"]
[SourceQuality "1"]

1. d4 g6 2. e4 Bg7 3. c4 c5 4. d5 d6 5. Nc3 Nf6 6. Bd3 0-0 7. f3 e5 8. Be3 Nh5 9. Nge2 f5 10. Qc2 Na6 11. a3 Bd7 12. h3 f4 13. Bf2 Nc7 14. b4 b6 15. Kd2 Qg5 16. Rhg1 Qe7 17. Nc1 Rfc8 18. Nb3 Na6 19. bxc5 Nxc5 20. Nxc5 bxc5 21. Rgb1 Rab8 22. Rb3 Qg5 23. Bf1 Ng3 24. Ke1 Qd8 25. Rab1 Rxb3 26. Qxb3 Qa5 27. Kd2 Bf6 28. Kd3 Qc7 29. Be2 h5 30. Be1 Bd8 31. Qb7 Kf7 32. Qxc7 Rxc7 33. Rb8 Ke7 34. Nb5 Bxb5 35. Rxb5 Nxe2 36. Kxe2 g5 37. Ba5 Rd7 38. Bxd8+ Rxd8 39. Kd3 a6 40. Rb6 a5 41. Kc2 Ra8 42. Rb7+ Kf6 43. Rh7 a4 44. h4 gxh4 45. Rxh5 Rg8 46. Rxh4 Rxg2+ 47. Kd3 Rf2 48. Rh7 Rxf3+ 49. Ke2 Rxa3 50. Rd7 Re3+ 51. Kd2 Rxe4 52. Rxd6+ Ke7 53. Re6+ Kd7 54. Kd3 Re3+ 55. Kd2 a3 56. Ra6 e4 57. Kc2 f3 58. Rf6 Re2+ 59. Kd1 a2 60. Ra6 Rh2 0-1

[Event "Sofia MGU op 181st"]
[Site "Sofia"]
[Date "2017.02.12"]
[Round "5"]
[White "Ilieva, Ralitsa"]
[Black "Ignatov, Bojidar"]
[Result "0-1"]
[WhiteElo "1469"]
[BlackElo "1761"]
[PlyCount "76"]
[EventDate "2017.02.11"]
[EventType "swiss"]
[EventRounds "6"]
[EventCountry "BUL"]
[SourceTitle "CBM 176 Extra"]
[Source "ChessBase"]
[SourceDate "2017.03.02"]
[SourceVersion "1"]
[SourceVersionDate "2017.03.02"]
[SourceQuality "1"]

1. d4 Nf6 2. Nf3 d5 3. c4 e6 4. Nc3 Be7 5. Bg5 0-0 6. e3 h6 7. Bh4 Ne4 8. Bxe7 Qxe7 9. Nxe4 dxe4 10. Ne5 Nd7 11. Nxd7 Bxd7 12. Be2 f5 13. 0-0 Rf6 14. d5 Kh7 15. Qd4 e5 16. Qc3 f4 17. exf4 exf4 18. Rfe1 Qf7 19. Qd4 Qg6 20. f3 exf3 21. Bxf3 Kh8 22. Re7 Bg4 23. Bxg4 Qxg4 24. Rxc7 Re8 25. Rf1 Rg6 26. g3 Re2 27. Qxf4 Qh5 28. Rf2 Rf6 29. Qh4 Qxh4 30. gxh4 Rexf2 31. Rxb7 Rc2 32. Rc7 Rxb2 33. c5 Rf5 34. d6 Rd5 35. Rf7 Rxc5 36. d7 Rc1+ 37. Rf1 Rxf1+ 38. Kxf1 Rd2 0-1

[Event "Sofia MGU op 179th"]
[Site "Sofia"]
[Date "2017.01.15"]
[Round "5"]
[White "Ignatov, Bojidar"]
[Black "Georgiev, Nikolay"]
[Result "0-1"]
[WhiteElo "1826"]
[BlackElo "1623"]
[PlyCount "106"]
[EventDate "2017.01.14"]
[EventType "swiss"]
[EventRounds "6"]
[EventCountry "BUL"]
[SourceTitle "CBM 176 Extra"]
[Source "ChessBase"]
[SourceDate "2017.03.02"]
[SourceVersion "1"]
[SourceVersionDate "2017.03.02"]
[SourceQuality "1"]

1. d4 d5 2. c4 c6 3. Nf3 Nf6 4. Nc3 dxc4 5. e4 b5 6. e5 Nd5 7. Ne4 a5 8. Bg5 Qb6 9. Be2 g6 10. h4 h6 11. Bd2 Na6 12. h5 g5 13. Qb1 Bg4 14. a4 Nab4 15. Nc5 e6 16. axb5 cxb5 17. Bxb4 Nxb4 18. Qe4 Bxf3 19. Bxf3 Ra7 20. 0-0 Bxc5 21. dxc5 Qxc5 22. Be2 Ke7 23. Kh1 Nd5 24. g3 a4 25. Ra3 Raa8 26. f4 gxf4 27. gxf4 Rag8 28. f5 Rg5 29. fxe6 fxe6 30. Raf3 Kd7 31. Rf7+ Kc6 32. R7f6 Kd7 33. Bg4 Nxf6 34. Rxf6 Rxg4 35. Qxg4 Qd5+ 36. Kg1 Re8 37. Rxh6 Qxe5 38. Rg6 Qe3+ 39. Kg2 Qd2+ 40. Kh3 Qe3+ 41. Kh4 Qe1+ 42. Kh3 Qh1+ 43. Kg3 Qg1+ 44. Kh4 Qxg4+ 45. Kxg4 a3 46. bxa3 c3 47. Kf3 c2 48. Rg1 Rc8 49. Rc1 Ke7 50. Ke4 Kf6 51. Kd3 Kg5 52. Rxc2 Rxc2 53. Kxc2 Kxh5 0-1

[Event "Sofia MGU op 179th"]
[Site "Sofia"]
[Date "2017.01.14"]
[Round "2"]
[White "Andreev, Krasimir"]
[Black "Ignatov, Bojidar"]
[Result "0-1"]
[WhiteElo "1882"]
[BlackElo "1826"]
[PlyCount "96"]
[EventDate "2017.01.14"]
[EventType "swiss"]
[EventRounds "6"]
[EventCountry "BUL"]
[SourceTitle "CBM 176 Extra"]
[Source "ChessBase"]
[SourceDate "2017.03.02"]
[SourceVersion "1"]
[SourceVersionDate "2017.03.02"]
[SourceQuality "1"]

1. e4 c5 2. Nf3 d6 3. d4 cxd4 4. Nxd4 Nf6 5. Bd3 a6 6. b3 e5 7. Ne2 d5 8. Bg5 dxe4 9. Bxf6 Qxf6 10. Bxe4 Bc5 11. 0-0 0-0 12. c3 Qe7 13. Ng3 g6 14. b4 Ba7 15. Kh1 f5 16. Bd5+ Kg7 17. f3 Nd7 18. Nd2 Nb6 19. Bb3 Bd7 20. a3 Rae8 21. Qe2 Nc8 22. Rfe1 Nd6 23. a4 Bb8 24. c4 Nf7 25. c5 Qh4 26. Bxf7 Rxf7 27. Ndf1 Qxb4 28. Reb1 Qxc5 29. Rxb7 Bc6 30. Rxf7+ Kxf7 31. Qxa6 e4 32. fxe4 f4 33. Ne2 Bxe4 34. Nd2 Qe5 35. Rf1 Bxg2+ 36. Kxg2 Qxe2+ 37. Qxe2 Rxe2+ 38. Rf2 Rxf2+ 39. Kxf2 Ke6 40. a5 Kf5 41. a6 g5 42. h3 h5 43. Nf3 Ba7+ 44. Kg2 g4 45. Nd2 Kg5 46. Nf1 f3+ 47. Kh2 Kf4 48. h4 Bb8 0-1

[Event "Sofia MGU op 179th"]
[Site "Sofia"]
[Date "2017.01.14"]
[Round "3"]
[White "Ignatov, Bojidar"]
[Black "Gelemerov, Yane"]
[Result "0-1"]
[WhiteElo "1826"]
[BlackElo "2024"]
[PlyCount "56"]
[EventDate "2017.01.14"]
[EventType "swiss"]
[EventRounds "6"]
[EventCountry "BUL"]
[SourceTitle "CBM 176 Extra"]
[Source "ChessBase"]
[SourceDate "2017.03.02"]
[SourceVersion "1"]
[SourceVersionDate "2017.03.02"]
[SourceQuality "1"]

1. d4 Nf6 2. c4 d6 3. Nc3 Nbd7 4. e4 e5 5. Nf3 Be7 6. Be2 0-0 7. 0-0 Re8 8. Re1 c6 9. Bf1 Qc7 10. d5 a5 11. h3 Nc5 12. Nd2 Rf8 13. Nb3 Nxb3 14. Qxb3 Bd7 15. Be3 c5 16. f4 exf4 17. Bxf4 Nh5 18. Bh2 Bf6 19. Nb5 Bxb5 20. Qxb5 Bd4+ 21. Kh1 Rae8 22. Rad1 Be5 23. Qb3 Nf6 24. g3 Re7 25. Qc2 Qb6 26. b3 Qb4 27. Re3 Ra8 28. Ra1 Bxa1 0-1

[Event "Sofia MGU op 177th"]
[Site "Sofia"]
[Date "2016.12.18"]
[Round "5"]
[White "Tsyntsarski, Boyko"]
[Black "Ignatov, Bojidar"]
[Result "0-1"]
[WhiteElo "1708"]
[BlackElo "1806"]
[PlyCount "90"]
[EventDate "2016.12.17"]
[EventType "swiss"]
[EventRounds "6"]
[EventCountry "BUL"]
[SourceTitle "CBM 176 Extra"]
[Source "ChessBase"]
[SourceDate "2017.03.02"]
[SourceVersion "1"]
[SourceVersionDate "2017.03.02"]
[SourceQuality "1"]

1. e4 c5 2. Nf3 d6 3. d4 cxd4 4. Nxd4 Nf6 5. Nc3 e6 6. Bg5 Be7 7. Qd2 a6 8. 0-0-0 b5 9. Bxf6 Bxf6 10. Nf3 Be7 11. Kb1 Qc7 12. Bxb5+ axb5 13. Nxb5 Qc4 14. Nxd6+ Bxd6 15. Qxd6 Qxa2+ 16. Kc1 Qa1+ 17. Kd2 Qa5+ 18. Ke3 Nd7 19. Ra1 Qb6+ 20. Qxb6 Nxb6 21. Rxa8 Nxa8 22. Ra1 Nb6 23. b3 0-0 24. c4 f5 25. c5 fxe4 26. Kxe4 Bb7+ 27. Ke5 Rf5+ 28. Kd6 Nc8+ 29. Kc7 Bxf3 30. gxf3 Rxc5+ 31. Kd7 Kf7 32. b4 Rc3 33. b5 Nb6+ 34. Kd6 Nd5 35. Rb1 Rxf3 36. b6 Nxb6 37. Rxb6 Rxf2 38. Rb3 Kf6 39. h4 Rd2+ 40. Kc5 Rh2 41. Rb4 h5 42. Kd6 Rd2+ 43. Kc5 Kf5 44. Kc4 Rg2 45. Kd3 Rg4 0-1

[Event "Sofia MGU op 172nd"]
[Site "Sofia"]
[Date "2016.09.18"]
[Round "4"]
[White "Dereshki, Dario"]
[Black "Ignatov, Bojidar"]
[Result "1-0"]
[WhiteElo "2051"]
[BlackElo "1931"]
[PlyCount "99"]
[EventDate "2016.09.17"]
[EventType "swiss"]
[EventRounds "6"]
[EventCountry "BUL"]
[SourceTitle "CBM 174 Extra"]
[Source "ChessBase"]
[SourceDate "2016.10.10"]
[SourceVersion "1"]
[SourceVersionDate "2016.10.10"]
[SourceQuality "1"]

1. d4 Nf6 2. Nf3 d5 3. c4 e6 4. e3 c5 5. Nc3 Nc6 6. cxd5 Nxd5 7. e4 Nxc3 8. bxc3 cxd4 9. cxd4 Bb4+ 10. Bd2 Qa5 11. a3 Bxd2+ 12. Qxd2 Bd7 13. Bd3 0-0 14. Rb1 b6 15. Bb5 Qxa3 16. 0-0 Rfd8 17. Qf4 Be8 18. d5 exd5 19. exd5 Rxd5 20. Rfe1 Qd6 21. Qe4 h6 22. Bc4 Rc5 23. Rbd1 Qf6 24. h4 Rc8 25. g4 Rxc4 26. Qxc4 Qxf3 27. Rd3 Qf6 28. Qe4 Qxh4 29. Qf5 Rd8 30. Qe4 Kf8 31. Qh7 Qxg4+ 32. Kf1 Ne7 33. Rxd8 Qh3+ 34. Ke2 Ng6 35. Kd2 Qd7+ 36. Rxd7 Bxd7 37. f4 a5 38. Kc3 b5 39. Rd1 b4+ 40. Kb2 Be6 41. Rd8+ Ke7 42. Qg8 a4 43. Qe8+ Kf6 44. Qxa4 Nxf4 45. Qxb4 Ng6 46. Qd4+ Ne5 47. Rd6 Kf5 48. Qf2+ Kg5 49. Qg3+ Kf6 50. Qf4+ 1-0